[Event "Lilie op"]
[Site "Litomysl"]
[Date "1997.??.??"]
[Round "4"]
[White "Belunek, Vladimir"]
[Black "Capek, Ivan"]
[Result "1/2-1/2"]
[WhiteElo "2230"]
[BlackElo "2105"]
[PlyCount "54"]
[EventDate "1997.??.??"]
[EventType "swiss"]
[EventRounds "7"]
[EventCountry "CZE"]
[SourceTitle "EXT 1999"]
[Source "ChessBase"]
[SourceDate "1998.11.16"]
[SourceVersion "1"]
[SourceVersionDate "1998.11.16"]
[SourceQuality "1"]

1. d4 d5 2. c4 c6 3. Nf3 Nf6 4. Nc3 dxc4 5. a4 Bf5 6. e3 e6 7. Bxc4 Bb4 8. 0-0 0-0 9. Qe2 Nbd7 10. e4 Bg6 11. Bd3 Bh5 12. e5 Nd5 13. Ne4 Be7 14. Ng3 Bg6 15. Rd1 Bxd3 16. Rxd3 c5 17. Ne4 Nb4 18. Rd1 Nd5 19. Bg5 h6 20. Bxe7 Qxe7 21. Nd6 cxd4 22. Rxd4 f6 23. Ne4 f5 24. Nd6 Rab8 25. Nh4 Qg5 26. Nhxf5 Rxf5 27. Nxf5 Qxf5 1/2-1/2

[Event "Klatovy op-A"]
[Site "Klatovy"]
[Date "1997.??.??"]
[Round "?"]
[White "Capek, Ivan"]
[Black "Roj, Miroslav"]
[Result "0-1"]
[WhiteElo "2000"]
[BlackElo "2205"]
[PlyCount "144"]
[EventDate "1997.??.??"]
[EventType "swiss"]
[EventRounds "9"]
[EventCountry "CZE"]
[SourceTitle "EXT 1998"]
[Source "ChessBase"]
[SourceDate "1997.11.17"]
[SourceVersion "1"]
[SourceVersionDate "1997.11.17"]
[SourceQuality "1"]

1. Nf3 e6 2. c4 d5 3. d4 c6 4. cxd5 exd5 5. Nc3 Bf5 6. Bf4 Bd6 7. Bxd6 Qxd6 8. e3 Nf6 9. Bd3 Bxd3 10. Qxd3 Nbd7 11. 0-0 0-0 12. h3 Rfe8 13. Nd2 a5 14. Rae1 Rad8 15. Qb1 b5 16. Rc1 Re6 17. Ne2 Qe7 18. Rc2 Nh5 19. Nb3 a4 20. Nc5 Rg6 21. Nxd7 Qxd7 22. Kh2 Qd6+ 23. Kh1 Qf6 24. Qd1 Rd6 25. Ng3 Rxg3 26. fxg3 Nxg3+ 27. Kg1 Nxf1 28. Qxf1 Qxf1+ 29. Kxf1 f5 30. Kf2 Kf7 31. Kf3 Kf6 32. g3 Re6 33. h4 h6 34. Rh2 Kg6 35. a3 Kf6 36. Rh1 g6 37. Rh2 Ke7 38. Kf4 Kd6 39. Rc2 Re4+ 40. Kf3 Re8 41. Kf4 Re4+ 42. Kf3 Re8 43. Kf4 Re4+ 44. Kf3 Kc7 45. Rc1 Kb6 46. Rc3 g5 47. hxg5 hxg5 48. Rc1 Re6 49. Rh1 b4 50. axb4 Kb5 51. Rc1 Kxb4 52. Rc3 Rh6 53. Kg2 Kb5 54. Rc5+ Kb6 55. Rc1 Rh8 56. Ra1 Kb5 57. Rc1 Rb8 58. Rc5+ Kb6 59. Rc2 Kc7 60. Rf2 g4 61. Kf1 Rb3 62. Re2 Kb6 63. Kf2 Rb4 64. Rc2 Rc4 65. Re2 Rc1 66. Re1 Rxe1 67. Kxe1 c5 68. dxc5+ Kxc5 69. Kd2 Kc4 70. Kc2 d4 71. exd4 Kxd4 72. Kd2 Kc4 0-1

[Event "Lilie op"]
[Site "Litomysl"]
[Date "1997.??.??"]
[Round "5"]
[White "Capek, Ivan"]
[Black "Turner, Jan"]
[Result "0-1"]
[WhiteElo "2105"]
[BlackElo "2305"]
[PlyCount "108"]
[EventDate "1997.??.??"]
[EventType "swiss"]
[EventRounds "7"]
[EventCountry "CZE"]
[SourceTitle "EXT 1999"]
[Source "ChessBase"]
[SourceDate "1998.11.16"]
[SourceVersion "1"]
[SourceVersionDate "1998.11.16"]
[SourceQuality "1"]

1. Nf3 d5 2. d4 c6 3. c4 Nf6 4. Nc3 e6 5. e3 Be7 6. Qc2 0-0 7. Bd3 Nbd7 8. 0-0 dxc4 9. Bxc4 b5 10. Bd3 a6 11. Ne4 Bb7 12. Nc5 Nxc5 13. dxc5 Bxc5 14. Bxh7+ Nxh7 15. Qxc5 Nf6 16. b4 Qd5 17. Qd4 Qxd4 18. Nxd4 a5 19. Ba3 Nd5 20. bxa5 b4 21. e4 bxa3 22. exd5 c5 23. Nb3 c4 24. Nd4 Bxd5 25. Rfc1 Rxa5 26. Rc3 Rb8 27. f3 Kf8 28. Nc2 g6 29. Rc1 Rba8 30. Re1 Ra4 31. Ree3 Ke7 32. Kf2 Kd6 33. Ke1 Kc5 34. Kd2 f5 35. Rxa3 f4 36. Rec3 Bc6 37. Rxa4 Rd8+ 38. Kc1 Bxa4 39. a3 Bb3 40. g3 g5 41. gxf4 gxf4 42. h4 Rh8 43. a4 Rxh4 44. a5 Rh8 45. a6 Ra8 46. Na1 Ba4 47. Kd2 Rxa6 48. Ra3 Rd6+ 49. Ke1 Kb4 50. Ra2 c3 51. Ke2 e5 52. Ke1 Rd3 53. Ke2 Re3+ 54. Kf2 Bd1 0-1

[Event "Lilie op"]
[Site "Litomysl"]
[Date "1997.??.??"]
[Round "2"]
[White "Vyskocil, Neklan"]
[Black "Capek, Ivan"]
[Result "1-0"]
[WhiteElo "2260"]
[BlackElo "2105"]
[PlyCount "81"]
[EventDate "1997.??.??"]
[EventType "swiss"]
[EventRounds "7"]
[EventCountry "CZE"]
[SourceTitle "EXT 1999"]
[Source "ChessBase"]
[SourceDate "1998.11.16"]
[SourceVersion "1"]
[SourceVersionDate "1998.11.16"]
[SourceQuality "1"]

1. e4 c5 2. Nf3 Nc6 3. Bb5 e6 4. Bxc6 bxc6 5. d3 d6 6. e5 dxe5 7. Nxe5 Nf6 8. 0-0 Qc7 9. Re1 Bd6 10. Qe2 0-0 11. Nd2 Ba6 12. b3 Nd5 13. Ndf3 Rae8 14. g3 f6 15. Nc4 Bxc4 16. dxc4 Nb6 17. Be3 e5 18. Rad1 Re6 19. Nd2 f5 20. b4 Nd7 21. Nb3 f4 22. Bxf4 Ref6 23. bxc5 exf4 24. cxd6 Qb6 25. c5 Qb4 26. Rd4 Qa3 27. Qc4+ Kh8 28. Rxf4 Rxf4 29. gxf4 Qb2 30. Qe6 Nf6 31. Qe7 Rg8 32. d7 Nxd7 33. Qxd7 Qxc2 34. Qxc6 Qxa2 35. Nd4 Qd2 36. Qe4 a5 37. c6 a4 38. c7 h6 39. Nf3 Qc3 40. Ne5 g6 41. Nf7+ 1-0

[Event "Decin op"]
[Site "Decin"]
[Date "1996.??.??"]
[Round "2"]
[White "Braun, Gottfried"]
[Black "Capek, Ivan"]
[Result "1-0"]
[WhiteElo "2330"]
[BlackElo "2145"]
[PlyCount "163"]
[EventDate "1996.??.??"]
[EventType "swiss"]
[EventRounds "9"]
[EventCountry "CZE"]
[SourceTitle "CBM 053 Extra"]
[Source "ChessBase"]
[SourceDate "1996.09.01"]
[SourceVersion "1"]
[SourceVersionDate "1996.09.01"]
[SourceQuality "1"]

1. e4 c5 2. c3 Nf6 3. e5 Nd5 4. Nf3 Nc6 5. Bc4 Nb6 6. Bb3 c4 7. Bc2 d6 8. exd6 Qxd6 9. 0-0 Bg4 10. Qe2 e6 11. d4 cxd3 12. Bxd3 Qc7 13. Nbd2 Nd5 14. Be4 Nf6 15. Bc2 Be7 16. Nc4 0-0 17. Bg5 Nd5 18. Bxe7 Qxe7 19. Be4 Rad8 20. Rad1 Qf6 21. Ne3 Nxe3 22. Qxe3 Rxd1 23. Rxd1 Rd8 24. Re1 Bxf3 25. Bxf3 Qe7 26. g3 Qc7 27. h4 h6 28. Be4 b6 29. Bb1 Ne7 30. Qe4 g6 31. h5 Kg7 32. hxg6 Nxg6 33. Qg4 f5 34. Qe2 Qf7 35. f4 Rd6 36. Bc2 Qd7 37. Bb3 Nf8 38. Qe5+ Kg6 39. Ba4 Qe7 40. Be8+ Kh7 41. Qxf5+ Kg7 42. Qg4+ Kh7 43. Ba4 Rd2 44. b4 Qb7 45. Re2 Qd5 46. Bb3 Qd3 47. Rxd2 Qxd2 48. Qf3 Qe1+ 49. Kg2 Qd2+ 50. Kh3 Qe1 51. Bc2+ Kg8 52. Be4 Kf7 53. Qd3 Qg1 54. Qd6 Qe1 55. Qc7+ Kg8 56. Qe5 Qf1+ 57. Bg2 Qd3 58. Qf6 Qf5+ 59. Qxf5 exf5 60. Bd5+ Kg7 61. c4 Kf6 62. Kh4 Nd7 63. Kh5 Kg7 64. Be6 Nf6+ 65. Kh4 Kg6 66. c5 bxc5 67. bxc5 Ne8 68. Bd7 Nc7 69. Ba4 a5 70. a3 Ne6 71. c6 Nc7 72. Bc2 Nd5 73. g4 Kf6 74. Bxf5 Ke7 75. Kg3 Kd6 76. g5 hxg5 77. fxg5 Ne7 78. Be4 Ke5 79. Kf3 a4 80. Ke3 Nc8 81. g6 Kf6 82. c7 1-0

[Event "Decin op"]
[Site "Decin"]
[Date "1996.??.??"]
[Round "1"]
[White "Capek, Ivan"]
[Black "Hasangatin, Ramil"]
[Result "0-1"]
[WhiteElo "2145"]
[BlackElo "2380"]
[PlyCount "156"]
[EventDate "1996.??.??"]
[EventType "swiss"]
[EventRounds "9"]
[EventCountry "CZE"]
[SourceTitle "CBM 053 Extra"]
[Source "ChessBase"]
[SourceDate "1996.09.01"]
[SourceVersion "1"]
[SourceVersionDate "1996.09.01"]
[SourceQuality "1"]

1. Nf3 d5 2. d4 Nf6 3. c4 c6 4. Nc3 dxc4 5. a4 Bf5 6. e3 e6 7. Bxc4 Bb4 8. 0-0 Nbd7 9. Qe2 Bg6 10. Rd1 0-0 11. Na2 Bd6 12. b4 Qe7 13. Bb2 Nb6 14. Bb3 Rfc8 15. a5 Nbd5 16. a6 Nxb4 17. Nxb4 Bxb4 18. Ne5 bxa6 19. Rxa6 Be4 20. Rda1 c5 21. dxc5 Bxc5 22. Nxf7 Kxf7 23. Bxe6+ Qxe6 24. Rxe6 Kxe6 25. Bxf6 Kxf6 26. Qg4 Bf5 27. Qh4+ g5 28. Qh6+ Bg6 29. h4 gxh4 30. Qxh4+ Kg7 31. Qf4 h5 32. Rd1 Re8 33. Rd7+ Be7 34. Qe5+ Kf8 35. Qf4+ Bf7 36. e4 Rad8 37. Qh6+ Kg8 38. Rxd8 Bxd8 39. f3 Re6 40. Qd2 Bb6+ 41. Kh2 Bc7+ 42. Kg1 Rd6 43. Qg5+ Rg6 44. Qc1 Bb6+ 45. Kh2 a5 46. Qc8+ Kg7 47. Qd7 Bf2 48. g4 hxg4 49. fxg4 Bc5 50. Kg3 Bd6+ 51. Kf3 Rf6+ 52. Ke2 Re6 53. Kf3 Be5 54. Ke2 Bf6 55. Kf3 Re5 56. Qb7 Kg6 57. Qa6 Bb3 58. Qc8 a4 59. Qb8 Bf7 60. Qb4 Be8 61. Qf8 Bg7 62. Qd6+ Kh7 63. Qa6 Re7 64. Qd6 Bf8 65. Qh2+ Kg8 66. Qa2+ Rf7+ 67. Ke3 Bc5+ 68. Kd3 Kf8 69. Qc4 Be7 70. e5 a3 71. Qa6 Rh7 72. Qa8 Rh6 73. Kd4 Rg6 74. Qf3+ Bf7 75. Qa8+ Kg7 76. g5 a2 77. Qa7 Rxg5 78. e6 a1Q+ 0-1

[Event "Pardubice KB op"]
[Site "Pardubice"]
[Date "1996.??.??"]
[Round "7"]
[White "Capek, Ivan"]
[Black "Kolesar, Milan"]
[Result "0-1"]
[WhiteElo "2145"]
[BlackElo "2240"]
[PlyCount "86"]
[EventDate "1996.07.??"]
[EventType "swiss"]
[EventRounds "9"]
[EventCountry "CZE"]
[SourceTitle "CBM 055 Extra"]
[Source "ChessBase"]
[SourceDate "1997.01.01"]
[SourceVersion "1"]
[SourceVersionDate "1997.01.01"]
[SourceQuality "1"]

1. d4 d5 2. c4 c6 3. Nf3 Nf6 4. Nc3 dxc4 5. a4 Bf5 6. e3 e6 7. Bxc4 Bb4 8. 0-0 Nbd7 9. Qe2 Bg6 10. Bd3 Bxd3 11. Qxd3 0-0 12. Rd1 a5 13. e4 Nb6 14. e5 Nfd5 15. Ng5 g6 16. Qh3 h5 17. Nce4 Kg7 18. Rd3 Qe7 19. Rf3 Nc4 20. g4 Nd2 21. Rf6 Nxe4 22. Nxe4 Rh8 23. Bg5 hxg4 24. Qxg4 Qc7 25. Rf3 Be7 26. h4 Bxg5 27. Nxg5 Raf8 28. Rxf7+ Qxf7 29. Nxf7 Rxf7 30. Ra3 Rf5 31. Rg3 Nf4 32. Rb3 g5 33. Rxb7+ Kg6 34. Qxg5+ Rxg5+ 35. hxg5 Kxg5 36. Ra7 Kg4 37. Rg7+ Kf3 38. Rg3+ Ke4 39. Re3+ Kxd4 40. b3 c5 41. Re1 Rh3 42. Rd1+ Kxe5 43. Rd7 Ke4 0-1

[Event "Pardubice KB op"]
[Site "Pardubice"]
[Date "1996.??.??"]
[Round "8"]
[White "Pajeken, Wolfgang"]
[Black "Capek, Ivan"]
[Result "1-0"]
[WhiteElo "2260"]
[BlackElo "2145"]
[PlyCount "55"]
[EventDate "1996.07.??"]
[EventType "swiss"]
[EventRounds "9"]
[EventCountry "CZE"]
[SourceTitle "CBM 055 Extra"]
[Source "ChessBase"]
[SourceDate "1997.01.01"]
[SourceVersion "1"]
[SourceVersionDate "1997.01.01"]
[SourceQuality "1"]

1. c4 Nf6 2. Nc3 g6 3. e4 d6 4. d4 Bg7 5. f3 0-0 6. Be3 e5 7. d5 Nh5 8. Qd2 f5 9. 0-0-0 Nd7 10. exf5 gxf5 11. Nh3 Ndf6 12. Bg5 Qe8 13. Rg1 Kh8 14. Be2 Ng8 15. g4 Nhf6 16. Nf2 a6 17. Bd3 Bd7 18. h4 b5 19. h5 h6 20. Bh4 b4 21. Nb1 Rb8 22. Rde1 Qc8 23. g5 Nxh5 24. gxh6 Bf6 25. h7 Ne7 26. Bxf6+ Rxf6 27. Qg5 Be8 28. Qg8+ 1-0